[Event "X Open"]
[Site "Crema ITA"]
[Date "2008.09.06"]
[Round "4"]
[White "Cervini, Ernesto"]
[Black "Oteri, Aldo"]
[Result "0-1"]
[WhiteElo "1494"]
[BlackElo "1844"]
[PlyCount "52"]
[EventDate "2008.09.05"]

1. e4 e6 2. Qe2 b6 3. d3 Bb7 4. Nc3 Nc6 5. Nf3 Be7 6. g3 d5 7. exd5 exd5 8. Bg2
Nf6 9. O-O O-O 10. Re1 Re8 11. Qf1 Nb4 12. Re2 d4 13. Ne4 Nxe4 14. dxe4 Ba6 15.
a3 Nxc2 16. Rb1 c5 17. Qd1 Bxe2 18. Qxe2 d3 19. Qd2 Bf6 20. Ne1 Nxe1 21. Qxe1
Rc8 22. Be3 c4 23. Bd2 Bd4 24. Kf1 Qf6 25. f4 Bxb2 26. e5 Rxe5 0-1

[Event "X Open"]
[Site "Crema ITA"]
[Date "2008.09.06"]
[Round "4"]
[White "Distratis, Gianluca"]
[Black "Mussap, Angelo"]
[Result "1-0"]
[WhiteElo "1873"]
[BlackElo "2056"]
[PlyCount "69"]
[EventDate "2008.09.05"]

1. e4 d5 2. exd5 Qxd5 3. Nc3 Qa5 4. d4 c6 5. Nf3 Bg4 6. Be2 e6 7. h3 Bh5 8. O-O
Nf6 9. Bf4 Bb4 10. Nb1 Nbd7 11. c3 Be7 12. g4 Bg6 13. Nbd2 h5 14. Nc4 Qd5 15.
g5 Ne4 16. h4 Qf5 17. Bh2 Qh3 18. Ne3 f6 19. Re1 e5 20. Bf1 Qe6 21. d5 Qf7 22.
dxc6 bxc6 23. Bh3 Rd8 24. Qa4 fxg5 25. Qxc6 g4 26. Nxe5 Qxf2+ 27. Kh1 O-O 28.
Nxg6 Qf3+ 29. Bg2 Nf2+ 30. Kg1 Qf6 31. Qxf6 Bxf6 32. Nxf8 Rxf8 33. Bd6 Bxh4 34.
Bxf8 Nxf8 35. Nf5 1-0

[Event "X Open"]
[Site "Crema ITA"]
[Date "2008.09.06"]
[Round "4"]
[White "Ficco, Corrado"]
[Black "Gerundino, Nicola"]
[Result "1-0"]
[WhiteElo "2141"]
[BlackElo "1964"]
[PlyCount "67"]
[EventDate "2008.09.05"]

1. c4 Nf6 2. g3 e5 3. Bg2 d5 4. cxd5 Nxd5 5. Nc3 Nb6 6. Nf3 Nc6 7. O-O Be7 8.
d3 O-O 9. a3 Be6 10. b4 a6 11. Bb2 f6 12. Rc1 Nd4 13. Nd2 c6 14. Nce4 Qd7 15.
e3 Nb5 16. Nc5 Bxc5 17. bxc5 Nd5 18. a4 Nbc7 19. Nc4 Rad8 20. d4 exd4 21. Bxd4
Ne8 22. Qb3 Qf7 23. Rfd1 Ne7 24. Bf1 Nf5 25. Qb2 Bd5 26. Qc2 Qe6 27. Nb6 Be4
28. Bc4 Rd5 29. Qe2 Nh4 30. gxh4 Qh3 31. f4 Bf3 32. Qf1 Qg4+ 33. Kf2 Be4 34.
Ke1 1-0

[Event "X Open"]
[Site "Crema ITA"]
[Date "2008.09.06"]
[Round "4"]
[White "Fizzotti, Mario"]
[Black "Quagliarella, Sabino Remo"]
[Result "1/2-1/2"]
[WhiteElo "1837"]
[BlackElo "1925"]
[PlyCount "156"]
[EventDate "2008.09.05"]

1. d4 Nf6 2. Nf3 d5 3. c4 c6 4. Nc3 dxc4 5. a4 Bf5 6. e3 Bd3 7. Bxd3 cxd3 8.
Qxd3 e6 9. O-O Be7 10. e4 Na6 11. Rd1 Nb4 12. Qe2 O-O 13. Bg5 Nd7 14. Bxe7 Qxe7
15. d5 exd5 16. Nd4 dxe4 17. Nf5 Qe5 18. Rxd7 Qxf5 19. Rxb7 a5 20. Qxe4 Qxe4
21. Nxe4 Rae8 22. Ng3 Rd8 23. Ra7 Rd5 24. Re1 h5 25. h3 Nd3 26. Re2 h4 27. Ne4
Rb8 28. Nc3 Rf5 29. Nd1 Nf4 30. Re4 g5 31. Kh2 Nd3 32. Re2 Rb4 33. Ra6 Rxa4 34.
Rxc6 Rd4 35. Rd2 Rb5 36. Rc3 Rbd5 37. Ne3 Rd8 38. Ra3 Nf4 39. Rxd4 Rxd4 40.
Rxa5 Ne6 41. Ra8+ Kh7 42. Ra7 Kg6 43. Rb7 Rd2 44. Kg1 Nc5 45. Rb6+ Kh7 46. Rb5
Ne6 47. Kf1 Rd7 48. b4 Rc7 49. Ke1 Re7 50. Ra5 Rb7 51. Nd5 Kg6 52. b5 Nc5 53.
b6 Nd3+ 54. Ke2 Nc1+ 55. Kf3 Nb3 56. Ra7 Rb8 57. b7 Nc5 58. Ne7+ Kg7 59. Ra5
Ne6 60. Nf5+ Kf6 61. Nd6 Nd4+ 62. Ke4 Ke6 63. Ra8 Nc6 64. Rxb8 Nxb8 65. Nc4 f5+
66. Kd4 Na6 67. Na5 Kd6 68. Kc4 g4 69. Kb5 Nb8 70. Nc4+ Ke6 71. Ne3 gxh3 72.
gxh3 Ke5 73. Kb6 Kf4 74. Kc7 Na6+ 75. Kc8 Kf3 76. b8=Q Nxb8 77. Kxb8 Kxf2 78.
Nxf5 Kg2 1/2-1/2

[Event "X Open"]
[Site "Crema ITA"]
[Date "2008.09.06"]
[Round "4"]
[White "Folcini, Gaddo"]
[Black "Casale, Anania"]
[Result "0-1"]
[WhiteElo "1516"]
[BlackElo "1743"]
[PlyCount "84"]
[EventDate "2008.09.05"]

1. e4 c5 2. f4 d5 3. e5 Bf5 4. Nf3 e6 5. Bb5+ Nc6 6. O-O Qb6 7. Bxc6+ Qxc6 8.
d4 cxd4 9. Kh1 Bxc2 10. Qe1 Bc5 11. Na3 d3 12. Nxc2 dxc2 13. Qe2 Bb6 14. Bd2
Rd8 15. Rfc1 Nh6 16. Be1 Rc8 17. Bc3 Nf5 18. Rxc2 Ne3 19. Nd4 Bxd4 20. Bxd4
Nxc2 21. Rc1 O-O 22. Bc3 Nb4 23. h4 Nxa2 24. Rc2 Nxc3 25. Rxc3 Qa6 26. Qg4 Rxc3
27. bxc3 Qd3 28. h5 Qf5 29. Qf3 f6 30. h6 Qg6 31. hxg7 Qxg7 32. Qh3 fxe5 33.
Qxe6+ Qf7 34. Qxe5 Qxf4 35. Qxd5+ Rf7 36. Qb3 Kg7 37. Qb2 Qe4 38. c4+ Kg6 39.
Qc1 Qh4+ 40. Kg1 Qf2+ 41. Kh2 Qf4+ 42. Kg1 Qxc1+ 0-1

[Event "X Open"]
[Site "Crema ITA"]
[Date "2008.09.06"]
[Round "4"]
[White "Frugoni, Giulio"]
[Black "Maccarini, Luca Nicola"]
[Result "0-1"]
[WhiteElo "1559"]
[BlackElo "1920"]
[PlyCount "65"]
[EventDate "2008.09.05"]

1. Nf3 Nf6 2. d4 d5 3. c4 e6 4. Nc3 Be7 5. Bg5 O-O 6. e3 h6 7. h4 hxg5 8. hxg5
Ne4 9. Nxe4 dxe4 10. Ne5 Bxg5 11. Qh5 Bh6 12. O-O-O Qg5 13. Qe2 g6 14. g3 Bg7
15. f4 Qe7 16. Qh2 Rd8 17. Qh7+ Kf8 18. Rh6 Qf6 19. Nxg6+ fxg6 20. Rxg6 Qf7 21.
Bg2 Nd7 22. Rg5 Bf6 23. Qh6+ Ke7 24. Qh4 Rh8 25. Qg4 Bxg5 26. fxg5 Qf5 27. Qe2
Qxg5 28. Bxe4 Nf6 29. Bf3 Bd7 30. Rf1 Bc6 31. d5 exd5 32. Qf2 d4 33. Bxc6 0-1

[Event "X Open"]
[Site "Crema ITA"]
[Date "2008.09.06"]
[Round "4"]
[White "Galli, Fabrizio"]
[Black "Arbore, Daniele"]
[Result "1-0"]
[WhiteElo "1463"]
[BlackElo "1374"]
[PlyCount "57"]
[EventDate "2008.09.05"]

1. d4 Nf6 2. Nf3 g6 3. Nbd2 Bg7 4. e3 d5 5. Bd3 Bd7 6. O-O Nc6 7. Re1 e6 8. c3
Qe7 9. e4 dxe4 10. Nxe4 Nxe4 11. Rxe4 f5 12. Re1 h6 13. d5 Nd8 14. Ne5 g5 15.
Ng6 Qf6 16. Nxh8 Bxh8 17. Qh5+ Nf7 18. dxe6 Bxe6 19. Bc4 O-O-O 20. Bxe6+ Kb8
21. Bxf7 b5 22. b4 c5 23. Bb2 cxb4 24. Rac1 Qc6 25. cxb4 Qb6 26. Bxh8 Rxh8 27.
Re8+ Rxe8 28. Bxe8 Qf6 29. Qd1 1-0

[Event "X Open"]
[Site "Crema ITA"]
[Date "2008.09.06"]
[Round "4"]
[White "Gonella, Daniele"]
[Black "Giassi, Roberto"]
[Result "1-0"]
[WhiteElo "1739"]
[BlackElo "1461"]
[PlyCount "50"]
[EventDate "2008.09.05"]

1. e4 c5 2. Nf3 Nc6 3. c3 e5 4. d4 cxd4 5. cxd4 exd4 6. Nxd4 Bc5 7. Nb3 Bb6 8.
Bc4 Qf6 9. O-O Ne5 10. Bd5 d6 11. Kh1 Nh6 12. f3 O-O 13. Nc3 Kh8 14. Qe2 Be6
15. Be3 Bxe3 16. Qxe3 Nc4 17. Qd4 Qxd4 18. Nxd4 Bxd5 19. Nxd5 Rac8 20. b3 Ne5
21. Rfd1 g6 22. Kg1 Rce8 23. Nf6 Rd8 24. Rac1 Kg7 25. Nd5 f5 1-0

[Event "X Open"]
[Site "Crema ITA"]
[Date "2008.09.06"]
[Round "4"]
[White "Kljunic, Brane"]
[Black "Milanesi, Erminio"]
[Result "1-0"]
[WhiteElo "1527"]
[BlackElo "1879"]
[PlyCount "53"]
[EventDate "2008.09.05"]

1. d4 g6 2. e4 Nh6 3. Bc4 e6 4. Nf3 f6 5. Nc3 Nf7 6. Be3 Bg7 7. Qd2 c6 8. Bb3
O-O 9. h4 d5 10. h5 g5 11. e5 h6 12. exf6 Bxf6 13. O-O-O b5 14. Qd3 a5 15. a3
Nd7 16. Rh3 e5 17. Qg6+ Kh8 18. dxe5 Ndxe5 19. Nxe5 Bxe5 20. Rf3 Qe7 21. Qxc6
Bxc3 22. Qxc3+ Kg8 23. Bxd5 Bg4 24. Rf6 Kh7 25. Qd3+ Kh8 26. Bd4 Ne5 27. Rxh6+
1-0

[Event "X Open"]
[Site "Crema ITA"]
[Date "2008.09.06"]
[Round "4"]
[White "Madaschi, Sergio"]
[Black "Biava, Pierluigi"]
[Result "1-0"]
[WhiteElo "1595"]
[BlackElo "1872"]
[PlyCount "77"]
[EventDate "2008.09.05"]

1. e4 c5 2. Nf3 e6 3. d3 Nc6 4. g3 Nf6 5. Bg2 d5 6. exd5 Nxd5 7. O-O Be7 8. Bd2
O-O 9. Nc3 Nxc3 10. Bxc3 Bf6 11. Qd2 e5 12. Rfe1 Qd6 13. Ng5 Bxg5 14. Qxg5 f6
15. Qd2 Be6 16. b3 Rfd8 17. Rad1 Bd5 18. f3 Nd4 19. Qf2 Qc6 20. Rf1 b5 21. Bb2
a5 22. c3 Ne6 23. c4 bxc4 24. dxc4 Bxc4 25. bxc4 Rab8 26. Rxd8+ Rxd8 27. f4 e4
28. Qe3 f5 29. g4 g6 30. gxf5 gxf5 31. Qg3+ Kf7 32. Qh4 Kg6 33. Qf6+ Kh5 34.
Qf7+ Kh6 35. Qxf5 Rf8 36. Qh3+ Kg6 37. f5+ Kg5 38. fxe6 Rxf1+ 39. Bxf1 1-0

[Event "X Open"]
[Site "Crema ITA"]
[Date "2008.09.06"]
[Round "4"]
[White "Maddaloni, Giovanni"]
[Black "Bastianello, Federico"]
[Result "1-0"]
[WhiteElo "1833"]
[BlackElo "1455"]
[PlyCount "53"]
[EventDate "2008.09.05"]

1. e4 e6 2. d4 d5 3. Nc3 Bb4 4. e5 c5 5. Bd2 cxd4 6. Nb5 Bf8 7. Qg4 a6 8. Nd6+
Bxd6 9. exd6 Qf6 10. O-O-O Nh6 11. Qh3 Nf5 12. Qa3 Nc6 13. Bd3 e5 14. Bxf5 Qxf5
15. f3 O-O 16. g4 Qd7 17. h4 Rd8 18. h5 Qxd6 19. Qb3 f6 20. g5 f5 21. Nh3 b5
22. Rdg1 f4 23. g6 h6 24. Ng5 hxg5 25. Rxg5 Ra7 26. Qd3 Qf6 27. Rhg1 1-0

[Event "X Open"]
[Site "Crema ITA"]
[Date "2008.09.06"]
[Round "4"]
[White "Mandotti, Marco"]
[Black "Cattaneo, Dario"]
[Result "1-0"]
[WhiteElo "1386"]
[BlackElo "1517"]
[PlyCount "43"]
[EventDate "2008.09.05"]

1. e4 e6 2. d4 d5 3. Nd2 c5 4. c3 Nc6 5. Bb5 Bd7 6. Ne2 cxd4 7. Bxc6 Bxc6 8.
Nxd4 Rc8 9. O-O dxe4 10. Nxc6 Rxc6 11. Qa4 e3 12. fxe3 a6 13. Nb3 b5 14. Qf4
Nf6 15. Qf3 Rd6 16. e4 e5 17. Be3 Rd3 18. Rad1 Rxd1 19. Rxd1 Qa8 20. Qf5 Qxe4
21. Qc8+ Ke7 22. Bc5# 1-0

[Event "X Open"]
[Site "Crema ITA"]
[Date "2008.09.06"]
[Round "4"]
[White "Mattia, Ermanno"]
[Black "Masotti, Roberto"]
[Result "0-1"]
[WhiteElo "1646"]
[BlackElo "1954"]
[PlyCount "90"]
[EventDate "2008.09.05"]

1. e4 c5 2. Nf3 e6 3. d4 cxd4 4. Nxd4 Nc6 5. c4 Nf6 6. Nc3 Bb4 7. Nxc6 bxc6 8.
Bd2 d5 9. cxd5 exd5 10. exd5 Qe7+ 11. Qe2 cxd5 12. a3 Ba5 13. b4 Bd8 14. Qxe7+
Bxe7 15. Bg5 h6 16. Bh4 Bd7 17. Nb5 O-O 18. Bd3 a5 19. bxa5 Rxa5 20. a4 Rfa8
21. Ke2 Rxa4 22. Rxa4 Rxa4 23. Bxf6 Bxf6 24. Rc1 Be5 25. g3 g5 26. Nc3 Ra5 27.
Nd1 Kg7 28. Ne3 Kf6 29. Rb1 Be6 30. Rb6 Rc5 31. Ng4+ Kg7 32. Nxe5 g4 33. f3 h5
34. Rc6 Ra5 35. Rc2 Ra1 36. fxg4 hxg4 37. Ke3 Ra3 38. Nc6 Kf6 39. Nd4 Ke5 40.
Nxe6 fxe6 41. Kd2 Kd4 42. Be2 e5 43. Bxg4 e4 44. Ke2 Re3+ 45. Kf2 Ra3 0-1

[Event "X Open"]
[Site "Crema ITA"]
[Date "2008.09.06"]
[Round "4"]
[White "Orlandi, Stefano"]
[Black "Bonade', Massimo"]
[Result "1/2-1/2"]
[WhiteElo "1962"]
[BlackElo "2110"]
[PlyCount "41"]
[EventDate "2008.09.05"]

1. e4 c5 2. Nf3 d6 3. d4 cxd4 4. Nxd4 Nf6 5. Nc3 a6 6. Bg5 e6 7. Be2 Be7 8. O-O
O-O 9. Bf3 Nbd7 10. Re1 Qc7 11. Qd2 Ne5 12. Rad1 Nxf3+ 13. gxf3 b5 14. Nce2 Bb7
15. Ng3 Rac8 16. c3 Rfd8 17. Qe3 Qc4 18. Nb3 Qc7 19. Nd4 Qa5 20. a3 Qc7 21. Rd2
1/2-1/2

[Event "X Open"]
[Site "Crema ITA"]
[Date "2008.09.06"]
[Round "4"]
[White "Saba, Marco"]
[Black "Potenza, Gaetano"]
[Result "1-0"]
[WhiteElo "1921"]
[BlackElo "1668"]
[PlyCount "115"]
[EventDate "2008.09.05"]

1. e4 c5 2. b4 cxb4 3. d4 e6 4. a3 Nf6 5. Bd3 Nc6 6. Ne2 a6 7. O-O d6 8. h3 Be7
9. f4 O-O 10. Bb2 Qb6 11. Kh1 bxa3 12. Bxa3 Nxd4 13. Nbc3 Nxe2 14. Qxe2 Qc7 15.
Bb2 Bd7 16. e5 Ne8 17. Ne4 f6 18. Ng5 f5 19. exd6 Nxd6 20. Nxe6 Bxe6 21. Qxe6+
Kh8 22. Rae1 Rae8 23. Ba3 Rf6 24. Qd5 Rd8 25. Qe5 Bf8 26. Bxf5 Rxf5 27. Bxd6
Rxe5 28. Bxc7 Rxe1 29. Rxe1 Rd7 30. Ba5 Kg8 31. f5 Rd5 32. Bb6 Rxf5 33. c3 Kf7
34. Re3 Bc5 35. Bxc5 Rxc5 36. Kg1 Rf5 37. c4 b5 38. Ra3 Rf6 39. cxb5 axb5 40.
Ra7+ Ke6 41. Rxg7 h6 42. Rb7 Rf5 43. Rb6+ Kd5 44. Rxb5+ Ke4 45. Rxf5 Kxf5 46.
Kf2 Kf4 47. g3+ Kg5 48. Kf3 Kf5 49. Ke3 h5 50. Kf3 Kg5 51. Ke4 Kg6 52. h4 Kf6
53. Kf4 Kg6 54. Ke5 Kg7 55. Kf5 Kh6 56. Kf6 Kh7 57. Kg5 Kg7 58. Kxh5 1-0

[Event "X Open"]
[Site "Crema ITA"]
[Date "2008.09.06"]
[Round "4"]
[White "Scarabelli, Maurizio"]
[Black "Mansueti, Marco"]
[Result "1/2-1/2"]
[WhiteElo "1927"]
[BlackElo "1745"]
[PlyCount "60"]
[EventDate "2008.09.05"]

1. e4 e5 2. Nf3 d6 3. c3 Nf6 4. d3 Be7 5. Be2 O-O 6. Nbd2 c5 7. Nf1 Nc6 8. Ng3
d5 9. O-O h6 10. Bd2 Be6 11. Qc1 Kh7 12. Ne1 Qc7 13. f4 exf4 14. Bxf4 Qd7 15.
e5 Ng8 16. Nf3 f6 17. d4 fxe5 18. Bxe5 c4 19. Qc2+ Kh8 20. b3 Bf6 21. bxc4 dxc4
22. Rad1 Bd5 23. Qa4 Qe6 24. Qb5 Nge7 25. Rfe1 Bxe5 26. dxe5 Rad8 27. Qb1 Qg6
28. Qb5 Qe6 29. Qb1 Qg6 30. Qb5 Qe6 1/2-1/2

[Event "X Open"]
[Site "Crema ITA"]
[Date "2008.09.06"]
[Round "4"]
[White "Sperli', Maurizio"]
[Black "Stradiotti, Maurizio"]
[Result "0-1"]
[WhiteElo "1434"]
[BlackElo "1697"]
[PlyCount "58"]
[EventDate "2008.09.05"]

1. e4 e6 2. d4 d5 3. Nc3 Bb4 4. e5 c5 5. Nf3 Nc6 6. Be3 cxd4 7. Bxd4 Nxd4 8.
Nxd4 a6 9. a3 Ba5 10. Bd3 Qc7 11. O-O Qxe5 12. Nf3 Qf6 13. b4 Qxc3 14. bxa5
Qxa5 15. Rc1 Nf6 16. Ng5 h6 17. Nh3 O-O 18. Nf4 Re8 19. Nh5 Nxh5 20. Qxh5 Qc3
21. Rfe1 e5 22. Bf5 Bxf5 23. Qxf5 Rad8 24. Re3 Qc8 25. Qh5 Qe6 26. Rg3 e4 27.
h3 d4 28. Rb1 b5 29. Qh4 e3 0-1

[Event "X Open"]
[Site "Crema ITA"]
[Date "2008.09.06"]
[Round "4"]
[White "Tagliaferri, Valerio"]
[Black "Marchesotti, Giovanni"]
[Result "1-0"]
[WhiteElo "1917"]
[BlackElo "1675"]
[PlyCount "43"]
[EventDate "2008.09.05"]

1. e4 c5 2. Nf3 e6 3. b3 Nf6 4. e5 Nd5 5. Bb2 Nc6 6. Bb5 Nce7 7. O-O a6 8. Be2
Nf5 9. g3 Be7 10. c4 Nc7 11. d4 cxd4 12. Nxd4 O-O 13. Nxf5 exf5 14. Qc2 d5 15.
Rd1 Be6 16. Bf3 Rc8 17. Nc3 Bb4 18. Rd4 Qe7 19. cxd5 Bxd5 20. Bxd5 Nxd5 21.
Rxd5 Rfd8 22. Qxf5 1-0

[Event "X Open"]
[Site "Crema ITA"]
[Date "2008.09.06"]
[Round "4"]
[White "Tedoldi, Guido"]
[Black "Guzzetti, Luigi Enrico"]
[Result "0-1"]
[WhiteElo "1449"]
[BlackElo "1739"]
[PlyCount "104"]
[EventDate "2008.09.05"]

1. c4 Nf6 2. Nc3 g6 3. d3 Bg7 4. Nf3 d6 5. Bg5 O-O 6. e3 Nbd7 7. Be2 c6 8. O-O
Qc7 9. Qd2 e5 10. e4 Re8 11. Rac1 Nf8 12. b4 Ne6 13. b5 Nxg5 14. Nxg5 h6 15.
Nf3 Nh5 16. g3 Bh3 17. Rfe1 Qe7 18. Bf1 Bg4 19. Bg2 Rf8 20. h3 Be6 21. Ne2 Qd7
22. g4 Nf4 23. Nxf4 exf4 24. Qxf4 cxb5 25. Rc2 bxc4 26. dxc4 Rac8 27. Rec1 Rfd8
28. e5 dxe5 29. Nxe5 Qc7 30. Re1 Bxe5 31. Rxe5 b5 32. c5 a5 33. Qe3 Rd1+ 34.
Kh2 Rcd8 35. f4 R1d3 36. Qe4 R8d4 37. Qa8+ Kg7 38. Rf2 Rxf4 39. Rxf4 Qxe5 40.
Qe4 Qxe4 41. Bxe4 Rd2+ 42. Kg3 Rxa2 43. c6 Ra3+ 44. Rf3 Rxf3+ 45. Bxf3 Bc8 46.
c7 Kf8 47. Bc6 b4 48. Kf4 Ke7 49. Ke5 b3 50. Ba4 b2 51. Bc2 a4 52. Kd5 Kd7 0-1

[Event "X Open"]
[Site "Crema ITA"]
[Date "2008.09.06"]
[Round "4"]
[White "Viviani, Giorgio"]
[Black "Caramaschi, Vincenzo"]
[Result "0-1"]
[WhiteElo "1335"]
[BlackElo "1656"]
[PlyCount "78"]
[EventDate "2008.09.05"]

1. d4 e6 2. c4 d5 3. Nc3 c6 4. Nf3 dxc4 5. e4 b5 6. a3 a5 7. Bd2 Na6 8. Be2 Bd6
9. O-O Ra7 10. e5 Bb8 11. Be3 Rd7 12. Qc1 h6 13. Ne4 f5 14. exf6 Nxf6 15. Nxf6+
Qxf6 16. Rd1 Bb7 17. Qc3 O-O 18. Qxa5 Rdf7 19. Qc3 Nc7 20. Qc1 Nd5 21. Bd2 Qg6
22. Qb1 Qh5 23. Qe4 Rxf3 24. h3 Nf4 25. Bxf3 Nxh3+ 26. gxh3 Rxf3 27. Qg4 Rxh3
28. Qxh5 Rxh5 29. Kf1 c5 30. Be3 Bf3 31. Ke1 Rh1+ 32. Kd2 Rxd1+ 33. Rxd1 Bxd1
34. Kxd1 cxd4 35. Bxd4 h5 36. Ke2 h4 37. f3 h3 38. Bg1 Bd6 39. b4 h2 0-1

[Event "X Open"]
[Site "Crema ITA"]
[Date "2008.09.07"]
[Round "5"]
[White "Bastianello, Federico"]
[Black "Cattaneo, Dario"]
[Result "1/2-1/2"]
[WhiteElo "1455"]
[BlackElo "1517"]
[PlyCount "88"]
[EventDate "2008.09.05"]

1. Nf3 e6 2. g3 d5 3. Bg2 Nf6 4. O-O Be7 5. d3 O-O 6. Nbd2 Nc6 7. e4 dxe4 8.
dxe4 e5 9. c3 Be6 10. Re1 Qd7 11. Qc2 Rfd8 12. Nb3 a5 13. Be3 Qe8 14. Rad1 a4
15. Nc1 b5 16. a3 Na5 17. Rxd8 Rxd8 18. Nd2 Ng4 19. Bf1 Nxe3 20. Rxe3 Bg5 21.
Rd3 Bxd2 22. Qxd2 Rxd3 23. Qxd3 Bc4 24. Qe3 Bxf1 25. Kxf1 Nc4 26. Qe2 Qd7 27.
Nd3 g6 28. Ke1 h5 29. h4 Kg7 30. Nb4 Qh3 31. Kd1 Qg4 32. Qxg4 hxg4 33. Kc2 f5
34. exf5 gxf5 35. Nd5 c6 36. Ne3 Nxe3+ 37. fxe3 Kf6 38. Kd2 Kg6 39. Ke2 c5 40.
Kf2 e4 41. Ke2 Kf6 42. Kf2 Ke5 43. Ke2 c4 44. Kf2 Kf6 1/2-1/2

[Event "X Open"]
[Site "Crema ITA"]
[Date "2008.09.07"]
[Round "5"]
[White "Bastianello, Tito"]
[Black "Acunzo, Domenico"]
[Result "0-1"]
[WhiteElo "1494"]
[BlackElo "1787"]
[PlyCount "110"]
[EventDate "2008.09.05"]

1. e4 e6 2. d4 d5 3. Nc3 Bb4 4. a3 Bxc3+ 5. bxc3 dxe4 6. Qg4 Nf6 7. Qxg7 Rg8 8.
Qh6 Rg6 9. Qd2 c5 10. Bb2 b6 11. O-O-O Ba6 12. f3 Bxf1 13. Rxf1 e3 14. Qxe3 Nd5
15. Qd2 Qg5 16. Qxg5 Rxg5 17. g3 cxd4 18. cxd4 Ne3 19. Rf2 Nc4 20. f4 Ra5 21.
Rf3 Nxb2 22. Kxb2 Nc6 23. Rd3 Rd8 24. Nf3 Ra4 25. Rhd1 Rd5 26. Ka2 b5 27. Rb3
a6 28. c3 Na5 29. Rb4 Rxb4 30. cxb4 Nc4 31. Kb3 Ke7 32. Ng5 f6 33. Ne4 e5 34.
Nc3 Rxd4 35. Rxd4 exd4 36. Nd5+ Ke6 37. Nc7+ Kf5 38. Nxa6 Ke4 39. a4 d3 40. a5
d2 41. Kc2 Ke3 42. Nc5 Nb2 43. Kxb2 d1=Q 44. a6 Qd4+ 45. Kb3 Qc4+ 46. Ka3 Qc3+
47. Nb3 Qc6 48. Nc5 Kf3 49. Kb3 Kg2 50. g4 Kxh2 51. g5 f5 52. Kc3 Kg3 53. Kb3
Kxf4 54. a7 Qa8 55. Ne6+ Kg4 0-1

[Event "X Open"]
[Site "Crema ITA"]
[Date "2008.09.07"]
[Round "5"]
[White "Blengino, Luca"]
[Black "Annoni, Riccardo"]
[Result "0-1"]
[WhiteElo "1890"]
[BlackElo "2068"]
[PlyCount "104"]
[EventDate "2008.09.05"]

1. d4 d5 2. Nf3 Nf6 3. c4 e6 4. Nc3 c6 5. cxd5 exd5 6. Bg5 Nbd7 7. e3 Bb4 8.
Bd3 O-O 9. a3 Bxc3+ 10. bxc3 Qa5 11. Qc2 h6 12. Bh4 Re8 13. Nd2 Qc7 14. O-O b6
15. e4 dxe4 16. Nxe4 Nxe4 17. Bxe4 Ba6 18. Rfe1 Rac8 19. Bf5 Bc4 20. h3 Ra8 21.
Rad1 Nf8 22. Bg3 Qd8 23. Be4 Qd7 24. f4 Bd5 25. Bxd5 Qxd5 26. Re5 Rxe5 27. fxe5
b5 28. Rb1 Ne6 29. Qd3 a6 30. Qf3 Qxf3 31. gxf3 Nc7 32. c4 Rd8 33. Rc1 Ne6 34.
cxb5 Nxd4 35. Kf2 cxb5 36. Rd1 Kf8 37. Bh4 g5 38. Bg3 Ke7 39. h4 Nf5 40. Rxd8
Kxd8 41. hxg5 hxg5 42. Bh2 Kd7 43. Ke2 Nd4+ 44. Kd3 Nxf3 45. Bg3 Ke6 46. Kc3
Nxe5 47. Kb4 f5 48. Ka5 f4 49. Bf2 Nc4+ 50. Kxa6 Nxa3 51. Ka5 g4 52. Kb4 g3 0-1

[Event "X Open"]
[Site "Crema ITA"]
[Date "2008.09.07"]
[Round "5"]
[White "Bonade', Massimo"]
[Black "Bonazzi, Edoardo"]
[Result "0-1"]
[WhiteElo "2110"]
[BlackElo "2163"]
[PlyCount "54"]
[EventDate "2008.09.05"]

1. d4 d5 2. c4 Nc6 3. Nf3 Bg4 4. cxd5 Bxf3 5. dxc6 Bxc6 6. Nc3 Nf6 7. f3 e5 8.
dxe5 Nd7 9. e6 fxe6 10. e4 Bc5 11. Bc4 Qh4+ 12. g3 Qf6 13. Bf4 O-O-O 14. Qe2
Ne5 15. Bxe5 Qxe5 16. Kf1 h5 17. Kg2 h4 18. Rhd1 Rdf8 19. Rh1 h3+ 20. Kf1 Rxf3+
21. Qxf3 Rf8 22. Qxf8+ Bxf8 23. Re1 Bc5 24. Re2 Bd4 25. Bb3 Bxc3 26. bxc3 Bxe4
27. Rg1 Bd3 0-1

[Event "X Open"]
[Site "Crema ITA"]
[Date "2008.09.07"]
[Round "5"]
[White "Brugo, Marco"]
[Black "Ficco, Corrado"]
[Result "0-1"]
[WhiteElo "2107"]
[BlackElo "2141"]
[PlyCount "106"]
[EventDate "2008.09.05"]

1. d4 d5 2. c4 e6 3. Nc3 c5 4. Nf3 cxd4 5. Nxd4 Nf6 6. Bg5 Be7 7. e3 O-O 8. Bd3
Nc6 9. Nxc6 bxc6 10. O-O h6 11. Bh4 Ba6 12. cxd5 Bxd3 13. Qxd3 cxd5 14. Rfc1
Qd7 15. a3 Rfc8 16. Rc2 a5 17. a4 Ne8 18. Bxe7 Qxe7 19. Rac1 Nd6 20. Nb5 Rxc2
21. Rxc2 Nc4 22. b3 Qb4 23. Qc3 Qxc3 24. Rxc3 Nb6 25. Kf1 Rc8 26. Rxc8+ Nxc8
27. Ke2 Kf8 28. b4 axb4 29. a5 Ke7 30. a6 Kd7 31. a7 Nb6 32. Kd3 Kc6 33. Nd4+
Kb7 34. Kc2 Nc8 35. a8=Q+ Kxa8 36. Kb3 Kb7 37. Kxb4 Kb6 38. Nf3 Na7 39. Kc3 Nc6
40. Kd3 Kc5 41. Nd2 Ne5+ 42. Ke2 Kb4 43. f4 Nc4 44. Nf3 Kc3 45. g4 Nd6 46. h4
f6 47. Nd4 e5 48. fxe5 fxe5 49. Ne6 d4 50. exd4 exd4 51. Nxg7 d3+ 52. Kd1 Ne4
53. Nf5 Nf2+ 0-1

[Event "X Open"]
[Site "Crema ITA"]
[Date "2008.09.07"]
[Round "5"]
[White "Caramaschi, Vincenzo"]
[Black "Bongiorni, Gabriele"]
[Result "1/2-1/2"]
[WhiteElo "1656"]
[BlackElo "1813"]
[PlyCount "102"]
[EventDate "2008.09.05"]

1. e4 c5 2. Nf3 Nc6 3. Bb5 g6 4. Bxc6 bxc6 5. O-O Bg7 6. Nc3 d6 7. d3 Rb8 8.
Re1 Qc7 9. d4 cxd4 10. Nxd4 Nf6 11. h3 O-O 12. Na4 Ba6 13. c3 Bb5 14. b4 Nd7
15. Bd2 Ne5 16. Nb2 Nc4 17. Nxc4 Bxc4 18. a3 d5 19. exd5 cxd5 20. Qc1 e5 21.
Nf3 Rfe8 22. Bh6 Bh8 23. Qe3 Rbd8 24. a4 f5 25. a5 a6 26. Rac1 f4 27. Qd2 Qf7
28. g3 fxg3 29. Ng5 gxf2+ 30. Qxf2 Qxf2+ 31. Kxf2 Bg7 32. Bxg7 Kxg7 33. Kg3 e4
34. h4 h6 35. Nh3 Rf8 36. Re3 Rf6 37. Rc2 Rdf8 38. Rf2 Bd3 39. Rxf6 Rxf6 40.
Nf4 Rf5 41. Nxd3 exd3 42. Rxd3 h5 43. Rd4 g5 44. hxg5 Rxg5+ 45. Kh4 Re5 46. b5
axb5 47. a6 Re6 48. a7 Ra6 49. Rxd5 Rxa7 50. Rxb5 Rc7 51. Rb3 Rc5 1/2-1/2

[Event "X Open"]
[Site "Crema ITA"]
[Date "2008.09.07"]
[Round "5"]
[White "Carbone, Lorenzo"]
[Black "Scarabelli, Maurizio"]
[Result "1-0"]
[WhiteElo "1767"]
[BlackElo "1927"]
[PlyCount "43"]
[EventDate "2008.09.05"]

1. e4 c5 2. Nf3 e6 3. d4 cxd4 4. Nxd4 a6 5. Be2 Qc7 6. O-O Nf6 7. Nc3 Be7 8.
Be3 d6 9. f4 Nbd7 10. Qe1 b5 11. a3 Bb7 12. Bf3 Rd8 13. Qg3 Ba8 14. Qh3 Nc5 15.
Rad1 Ncxe4 16. Nxe4 Bxe4 17. c3 Bxf3 18. Rxf3 Qd7 19. Bd2 O-O 20. Rg3 g6 21.
Nf3 Nh5 22. Qxh5 1-0

[Event "X Open"]
[Site "Crema ITA"]
[Date "2008.09.07"]
[Round "5"]
[White "Casale, Anania"]
[Black "Cautiero, Pietro"]
[Result "1-0"]
[WhiteElo "1743"]
[BlackElo "1900"]
[PlyCount "83"]
[EventDate "2008.09.05"]

1. d4 a6 2. c4 e6 3. Nc3 d5 4. Nf3 Nf6 5. Bg5 Be7 6. e3 O-O 7. Bd3 dxc4 8. Bxc4
b5 9. Bd3 Bb7 10. a3 Nbd7 11. O-O h6 12. Bf4 c5 13. dxc5 Nxc5 14. Bc2 Qb6 15.
Qe2 Nce4 16. Nxe4 Nxe4 17. Be5 Rac8 18. Rac1 Bd5 19. b4 Qb7 20. Bxe4 Bxe4 21.
Nd4 Bxg2 22. Qg4 f6 23. Nxe6 Rf7 24. Qxg2 Qxg2+ 25. Kxg2 Rxc1 26. Rxc1 fxe5 27.
Rc6 Bh4 28. f3 Ra7 29. Rc7 Rxc7 30. Nxc7 Kf7 31. Nxa6 Bd8 32. Kg3 Bb6 33. Nc5
Ke7 34. Kg4 g6 35. h4 Kd6 36. h5 gxh5+ 37. Kxh5 Bxc5 38. bxc5+ Kxc5 39. f4 Kd6
40. Kxh6 Ke6 41. Kg5 e4 42. Kg6 1-0

[Event "X Open"]
[Site "Crema ITA"]
[Date "2008.09.07"]
[Round "5"]
[White "Della Ragione, Achille"]
[Black "Cecchini, Massimo S."]
[Result "0-1"]
[WhiteElo "2033"]
[BlackElo "1762"]
[PlyCount "56"]
[EventDate "2008.09.05"]

1. c4 c6 2. Nf3 Nf6 3. d4 d5 4. e3 a6 5. c5 Nbd7 6. b4 e5 7. dxe5 Ne4 8. Bd3 f5
9. Bb2 b6 10. e6 Ndf6 11. Ne5 Bxe6 12. Nxc6 Qc7 13. Nd4 Bd7 14. f3 bxc5 15.
fxe4 cxd4 16. e5 Bxb4+ 17. Ke2 f4 18. e6 Bb5 19. Bxd4 O-O 20. Bxb5 axb5 21. Rf1
fxe3 22. Bxf6 Qc4+ 23. Qd3 Qg4+ 24. Kxe3 Qxe6+ 25. Kd4 Rxf6 26. Nc3 Qb6+ 27.
Kxd5 Rd8+ 28. Ke4 Qe6# 0-1